| 000 | 00421nam a2200133 a 4500 | ||
|---|---|---|---|
| 001 | 000031662 | ||
| 005 | 20200930063103.0 | ||
| 008 | 110629s1986 dr 000 0 spa d | ||
| 040 |
_aDO-SdBNP _bspa _cBNPHU |
||
| 245 | 0 | 0 | _aRetiro sobre la pasión, muerte y resurrección de cristo (misterio pascual). |
| 260 |
_aLa Vega, República Dominicana : _bObispado de La Vega, _c1986. |
||
| 300 |
_a19 p. : _b22 cm. |
||
| 049 | _aBNPD | ||
| 999 |
_c31154 _d31154 |
||